| 000 | 00389nam a22001457a 4500 | ||
|---|---|---|---|
| 003 | OSt | ||
| 008 | 260219b |||||||| |||| 00| 0 eng d | ||
| 020 | _a9781591391111 | ||
| 082 | _a658.405 HAN | ||
| 100 | _aHarvard Business Essentials | ||
| 245 | _aNegotiation | ||
| 260 |
_aUnited States of America _bHarvard Business School Publishing Corporation |
||
| 300 | _a170p | ||
| 942 |
_2ddc _cREF |
||
| 999 |
_c13834 _d13834 |
||